Statystyki dla Trasa Warszawskiej linii autobusowej 105

Kliknij tutaj aby rozwiązać quiz!

Ogólne statystyki

  • Ten quiz został rozwiązany 7 razy
  • Średni wynik to 10 z 19

Statystyki odpowiedzi

DzielnicaPrzystanek% Poprawnych
BemowoOsiedle Górczewska
100%
WolaRondo Daszyńskiego
100%
WolaRondo Daszyńskiego
100%
BemowoCiepłownia Wola
75%
WolaFort Wola
75%
WolaPKP Wola (Kasprzaka)
75%
BemowoPołczyńska-Parking P+R
75%
BemowoDrzeworytników
50%
WolaKarolkowa
50%
BemowoLazurowa
50%
BemowoTkaczy
50%
BemowoBatalionów Chłopskich
25%
BemowoCzłuchowska
25%
WolaOrdona
25%
BemowoSiemiatycka
25%
BemowoSternicza
25%
WolaSzpital Wolski
25%
WolaReduta Wolska
0%
BemowoSzobera
0%

Rozkład punktacji

Percentyl według liczby udzielonych odpowiedzi

Procent ludzi z każdym wynikiem

Twoja historia wyników

Nie rozwiązałeś tego quizu